Statistics for One-Digit Roman Numerals

Click here to take the quiz!

General Stats

  • This quiz has been taken 192 times
  • The average score is 7 of 7

Answer Stats

Arabic Roman % Correct
1I
100%
5V
100%
10X
100%
50L
97%
1000M
97%
100C
96%
500D
94%

Score Distribution

Percentile by Number Answered

Percent of People with Each Score

Your Score History

You have not taken this quiz